North Sea giants. One-day conference [at] RICS Westminister Centre, 21 June 1984 (Record no. 88626)
[ view plain ]
| 000 -LEADER | |
|---|---|
| fixed length control field | 00600cam a2200205 4500 |
| 001 - CONTROL NUMBER | |
| control field | D15735 |
| 008 - FIXED-LENGTH DATA ELEMENTS--GENERAL INFORMATION | |
| fixed length control field | 090401t1984 xxu||||| |||| 00| 0 eng d |
| 035 ## - SYSTEM CONTROL NUMBER | |
| System control number | (Sirsi) u24864 |
| 041 ## - LANGUAGE CODE | |
| Language code of text/sound track or separate title | eng |
| 050 ## - LIBRARY OF CONGRESS CALL NUMBER | |
| Classification number | 624.05 |
| 110 ## - MAIN ENTRY--CORPORATE NAME | |
| Corporate name or jurisdiction name as entry element | Royal Institution of Chartered Surveyors |
| 9 (RLIN) | 4900 |
| 245 ## - TITLE STATEMENT | |
| Title | North Sea giants. One-day conference [at] RICS Westminister Centre, 21 June 1984 |
| 260 ## - PUBLICATION, DISTRIBUTION, ETC. | |
| Place of publication, distribution, etc. | London |
| Name of publisher, distributor, etc. | Surveyors` Technical Services |
| Date of publication, distribution, etc. | 1984 |
| 300 ## - PHYSICAL DESCRIPTION | |
| Extent | 5 papers |
| 350 ## - PRICE (NR) (BK AM CF MU VM SE) [OBSOLETE] | |
| Price | 0 |
| 520 ## - SUMMARY, ETC. | |
| Summary, etc. | Filed in box RICS 1984/19 ABC |
| 710 ## - ADDED ENTRY--CORPORATE NAME | |
| Corporate name or jurisdiction name as entry element | Quantity Surveyors` Division |
| 942 ## - ADDED ENTRY ELEMENTS (KOHA) | |
| Suppress in OPAC | 0 |
| 948 ## - LOCAL PROCESSING INFORMATION (OCLC); SERIES PART DESIGNATOR (RLIN) | |
| c (OCLC) | 04/03/1997 |
| Withdrawn status | Lost status | Source of classification or shelving scheme | Damaged status | Not for loan | Home library | Current library | Shelving location | Date acquired | Total Checkouts | Full call number | Barcode | Date last seen | Copy number | Price effective from | Koha item type |
|---|---|---|---|---|---|---|---|---|---|---|---|---|---|---|---|
| Dewey Decimal Classification | Historic collection | Historic collection | RICS Boxes | 08/01/1992 | RICS 1984/19 | 30024997 | 06/08/2019 | 1 | 06/08/2019 | Archive | |||||
| Dewey Decimal Classification | London | London | RICS Boxes | 12/08/1991 | RICS 1984/19 | 30007740 | 06/08/2019 | 1 | 06/08/2019 | Book | |||||
| Dewey Decimal Classification | London | London | RICS Boxes | 14/09/1999 | RICS 1984/19 | 30007736 | 06/08/2019 | 2 | 06/08/2019 | Reference material | |||||
| Dewey Decimal Classification | London | London | RICS Boxes | 12/08/1991 | RICS 1984/19 | 30007737 | 06/08/2019 | 3 | 06/08/2019 | Reference material | |||||
| Dewey Decimal Classification | London | London | RICS Boxes | 12/08/1991 | RICS 1984/19 | 30007738 | 06/08/2019 | 4 | 06/08/2019 | Reference material | |||||
| Dewey Decimal Classification | London | London | RICS Boxes | 12/08/1991 | RICS 1984/19 | 30007739 | 06/08/2019 | 5 | 06/08/2019 | Reference material | |||||
| Dewey Decimal Classification | London | London | RICS Boxes | 12/08/1991 | RICS 1984/19 | 30007741 | 06/08/2019 | 6 | 06/08/2019 | Book | |||||
| Dewey Decimal Classification | London | London | RICS Boxes | 12/08/1991 | RICS 1984/19 | 30007742 | 06/08/2019 | 7 | 06/08/2019 | Book | |||||
| Dewey Decimal Classification | London | London | RICS Boxes | 12/08/1991 | RICS 1984/19 | 30007743 | 06/08/2019 | 8 | 06/08/2019 | Book | |||||
| Dewey Decimal Classification | London | London | RICS Boxes | 12/08/1991 | RICS 1984/19 | 30007744 | 06/08/2019 | 9 | 06/08/2019 | Book | |||||
| Dewey Decimal Classification | London | London | RICS Boxes | 12/08/1991 | RICS 1984/19 | 30007847 | 06/08/2019 | 10 | 06/08/2019 | Reference material |